iOS Development with Flash : (Record no. 35489)
[ view plain ]
| 000 -LEADER | |
|---|---|
| fixed length control field | 00511nam a22001697a 4500 |
| 005 - DATE AND TIME OF LATEST TRANSACTION | |
| control field | 20240327133500.0 |
| 008 - FIXED-LENGTH DATA ELEMENTS--GENERAL INFORMATION | |
| fixed length control field | 240327b |||||||| |||| 00| 0 eng d |
| 020 ## - INTERNATIONAL STANDARD BOOK NUMBER | |
| ISBN | 9780470622049 |
| 082 ## - DEWEY DECIMAL CLASSIFICATION NUMBER | |
| Classification number | 005.165 |
| Item number | DOL-I |
| 100 ## - MAIN ENTRY--AUTHOR | |
| Author Name | Dolce, Julian |
| 245 ## - TITLE STATEMENT | |
| Title | iOS Development with Flash : |
| Remainder of title | Your visual blueprint for developing Apple apps / |
| Statement of responsibility, etc. | Julian Docle |
| 260 ## - PUBLICATION, DISTRIBUTION, ETC. | |
| Place of Publication | USA: |
| Name of publisher, distributor, etc. | Vivsual; |
| Date of publication, distribution, etc. | 2011. |
| 300 ## - PHYSICAL DESCRIPTION | |
| Pages | x, 340 p. : |
| 500 ## - GENERAL NOTE | |
| General note | include index. |
| 650 ## - SUBJECT ADDED ENTRY--TOPICAL TERM | |
| Subject / Department | computer science/Database |
| 300 ## - PHYSICAL DESCRIPTION | |
| -- | ill; |
| -- | 24 cm. |
| 952 ## - LOCATION AND ITEM INFORMATION (KOHA) | |
| -- | 0 |
| -- | 0 |
| Lost status | Damaged status | Collection code | Permanent Location | Current Location | Shelving Location | Date acquired | Full Call Number | Accession No./Barcode | Date last seen | item type | Koha item type |
|---|---|---|---|---|---|---|---|---|---|---|---|
| CS/IT | Superior Information Resource Center (SIRC) Superior University- Gold Campus | Superior Information Resource Center (SIRC) Superior University- Gold Campus | Database | 03/27/2024 | 004.165 DOL-I 2011 | 19760 | 03/27/2024 | BOOK | BOOK |
